Statystyki dla Quiz o Polsce

Kliknij tutaj aby rozwiązać quiz!

Ogólne statystyki

  • Ten quiz został rozwiązany 40 razy
  • Średni wynik to 13 z 15

Statystyki odpowiedzi

HintOdpowiedź% Poprawnych
Najdłuższa rzekaWisła
100%
PrezydentAndrzej duda
97%
StolicaWarszawa
97%
Pierwsza stolicaGniezno
94%
Liczba województw16
91%
2 najludniejsze miastoKraków
89%
Nazwa polskiRzeczpospolita Polska
89%
Premier(2024)Donald Tusk
86%
Prezydent który zginął w
Katastrofie smoleńskiej
Lech Kaczyński
86%
Prezydent który został nagrodzony
Pokojowa nagroda Nobla
Lech Wałęsa
86%
3 najludniejsze miastoŁódź
83%
Papież z PolskiJan Paweł 2
80%
Osoba która wprowadziła
Stan wojenny w Polsce
Wojciech Jaruzelski
77%
Nazwa za czasów komunizmuPolska Rzeczpospolita ludowa
66%
Ile posłów i senatorów zasiada
Do sejmu
560
51%

Rozkład punktacji

Percentyl według liczby udzielonych odpowiedzi

Procent ludzi z każdym wynikiem

Twoja historia wyników

Nie rozwiązałeś tego quizu